000 00855cam a2200277 4500
008 090401t1996 xxu||||| |||| 00| 0 eng d
020 _a0113222327
035 _a(Sirsi) u18168
041 _aeng
050 _a690
_c18
110 _aNHS Estates
_92893
245 _aAgreement for the appointment of architects, surveyors and engineers for commissions for minor works in the National Health Service. (1995 Edition)
260 _aLondon
_bHMSO
_c1996
300 _a19p. ; 30cm.
350 _a15
520 _aForms part of the Concode set of documents.
650 _aBUILT ENVIRONMENT-BUILDING CONTRACT FORMS
650 _aCONDITIONS OF ENGAGEMENT
650 _aCONSTRUCTION PROJECTS
650 _aMINOR WORKS
650 _aNATIONAL HEALTH SERVICE
650 _aNHS
690 _aBUILT ENVIRONMENT
942 _n0
948 _c04/03/1997
999 _c87575
_d87575